|
|
|
|
| LEADER |
01381nam a2200361 a 4500 |
| 001 |
EBC1099075 |
| 003 |
MiAaPQ |
| 005 |
20200520144314.0 |
| 006 |
m o d | |
| 007 |
cr cn||||||||| |
| 008 |
121220r20121968enka sb 001 0 eng d |
| 020 |
|
|
|z 9780415526487 (hardback)
|
| 020 |
|
|
|a 9780203106594 (electronic bk.)
|
| 035 |
|
|
|a (MiAaPQ)EBC1099075
|
| 035 |
|
|
|a (Au-PeEL)EBL1099075
|
| 035 |
|
|
|a (CaPaEBR)ebr10638981
|
| 035 |
|
|
|a (CaONFJC)MIL419948
|
| 035 |
|
|
|a (OCoLC)823389162
|
| 040 |
|
|
|a MiAaPQ
|c MiAaPQ
|d MiAaPQ
|
| 050 |
|
4 |
|a HB171
|b .M43 2012
|
| 100 |
1 |
|
|a Meade, J. E.
|
| 245 |
1 |
4 |
|a The growing economy
|h [electronic resource] :
|b principles of political economy. Volume II /
|c J.E. Meade.
|
| 260 |
|
|
|a Abingdon, Oxon :
|b Routledge,
|c 2012.
|
| 300 |
|
|
|a 512 p. :
|b ill.
|
| 440 |
|
0 |
|a Routledge revivals
|
| 500 |
|
|
|a First published in 1968 by George Allen & Unwin Ltd.
|
| 504 |
|
|
|a Includes bibliographical references and index.
|
| 505 |
0 |
|
|a pt. 1. The one-product model -- pt. 2. The many-product model.
|
| 533 |
|
|
|a Electronic reproduction. Ann Arbor, MI : ProQuest, 2015. Available via World Wide Web. Access may be limited to ProQuest affiliated libraries.
|
| 650 |
|
0 |
|a Economics.
|
| 655 |
|
4 |
|a Electronic books.
|
| 710 |
2 |
|
|a ProQuest (Firm)
|
| 856 |
4 |
0 |
|u https://ebookcentral.proquest.com/lib/matrademy/detail.action?docID=1099075
|z Click to View
|